| 000 | | | 04071cbc2a2200265#x 450 |
| 001 | | | f0a5cf56-460e-4c3d-9773-a4a6bb5be285 |
| 005 | | | 20240730132549.0 |
| 100 | ## | $a | 20190110l19191919k y0rusy50 ca |
| 101 | 0# | $a | rus |
| 102 | ## | $a | RU |
| 105 | ## | $a | y z |||e| |
| 200 | 1# | $a | Информационные сводки комиссара Урянхайского края об организации на границе Урянхайского края, красных партизан, переписка с министерством иностранных дел о расшифровке телеграмм и др. |
| | $j | 03 апреля 1919 - 22 июля 1919 |
| 215 | ## | $a | 72 листа |
| 251 | ## | $c | Дело |
| 300 | ## | $a | В деле имеются телеграммы |
| 300 | ## | $a | Листы: 25, 47 - поврежденные |
| 300 | ## | $a | Машинописный и рукописный текст |
| 324 | ## | $a | В деле имеются копии отдельных документов |
| 461 | #0 | $1 | 0010f0e3429-2e37-4fb4-ace0-6332d350a692 |
| | $1 | 2001 |
| | $a | Министерство внутренних дел Российского правительства. Омск |
| | $1 | 251 |
| | $c | Фонд |
| | $1 | 852 |
| | $g | Р |
| | $j | 1700 |
| 462 | #0 | $1 | 001c9fb14fb-9a60-4dc0-bd7d-6b3b0819c0c0 |
| | $1 | 2001 |
| | $a | Дела канцелярии министра. 1918-1919 гг. |
| | $v | Д. 76 |
| | $1 | 251 |
| | $c | Опись |
| | $1 | 852 |
| | $j | 1 |
| 801 | #0 | $a | RU |
| | $b | GA_RF |
| 801 | #1 | $a | RU |
| | $b | ГлавНИВЦ |
| | $c | 20190110 |
| | $2 | rusmarc |
| 801 | #2 | $a | RU |
| | $b | ПБ им. Б.Н. Ельцина |
| | $c | 20190304 |
| | $g | RCR |
| | $2 | rusmarc |
| 852 | ## | $a | ГА РФ |
| | $j | 76 |
| 937 | ## | $d | 126617477 |
| | $h | ПБ |
| 035 | ## | $a | RuPRLIB51055167 |
| 856 | ## | $u | http://readingroom.main.prlib.ru/item.aspx?id_node=n126617477&mode=full |
| 122 | 2# | $a | d19190403## |
| | $a | d19190722## |
| 605 | ## | $2 | acquisition_Prlib |
| | $3 | LIBNET\UAF\0000064274 |
| | $a | Республика Тыва: страницы истории |
| | $l | коллекция |
| 850 | ## | $a | Государтвенный архив Российской Федерации |